| 000 | 00549nam a2200169 i 4500 | ||
|---|---|---|---|
| 001 | 173326 | ||
| 003 | ES-MaACL | ||
| 005 | 20230906215219.0 | ||
| 008 | 091125s1967 pr |||| | spa d | ||
| 080 | _a327(729.5) | ||
| 100 | 1 |
_aArana-Soto, S. _922263 |
|
| 245 | 1 | 3 |
_aLa política exterior de Puerto Rico _b: (el problema político de Puerto Rico) / _c[por] Dr. S. Arana-Soto... |
| 260 |
_a[S.l. : _bs.n.], _c1967. |
||
| 300 |
_a1 v. (pág. var.) ; _c21 cm. |
||
| 651 | 4 |
_aPuerto Rico- _xPolítica exterior. _9137330 |
|
| 852 |
_aES-MaACL _jC-57027 |
||
| 999 |
_c173326 _d173326 |
||